Brawl stars maps - Statistics

General Stats
  • This quiz has been taken 81 times
  • The average score is 6 of 91
Answer Stats
Game Mode Answer % Correct
Hot Zone Dueling Beetles
41%
Knockout Belle's Rock
36%
Heist Hot Potato
32%
Showdown Cavern Churn
29%
Showdown Feast or Famine
27%
Showdown Double Trouble
24%
Hot Zone Ring of Fire
24%
Gem Grab Minecart Madness
20%
Hot Zone Parallel Plays
20%
Knockout Goldarm Gulch
18%
Bounty Shooting Star
18%
Heist Safe Zone
17%
Hot Zone Split
17%
Showdown Acid Lakes
14%
Showdown Dark Passage
14%
Gem Grab Hard Rock Mine
14%
Showdown Rockwall Brawl
14%
Gem Grab Double Swoosh
12%
Showdown Skull Creek
12%
Bounty Snake Prairie
12%
Brawl Ball Sneaky Fields
12%
Brawl Ball Tripple Dribble
12%
Brawl Ball Backyard Bowl
11%
Showdown Island Invasion
11%
Heist Kaboom Canyon
9%
Brawl Ball Sunny Soccer
9%
Showdown The Galaxy
9%
Heist G.G. Mortuary
8%
Showdown Safety Center
8%
Showdown Stormy Plains
8%
Super City Rampage Super City
6%
Gem Grab Undermine
6%
Bounty Canal Grande
5%
Bounty Dry Season
5%
Gem Grab Crystal Arcade
3%
Brawl Ball Encirclement
3%
Showdown Forsaken Falls
3%
Robo Rumble Last Stand
3%
Gem Grab Rustic Arcade
3%
Siege Some Assembly Required
3%
Brawl Ball Super Stadium
3%
Brawl Ball Winter Party
3%
Gem Grab Arene en Folie
2%
Siege Bot Drop
2%
Siege Bot Riot
2%
Showdown Clash Colloseum
2%
Brawl Ball Clean Shot
2%
Knockout Close Call
2%
Gem Grab Corner Case
2%
Knockout Crimewater
2%
Brawl Ball Fast Fork
2%
Robo Rumble Full On
2%
Gem Grab Ice Fort
2%
Brawl Ball Jumping Beans
2%
Bounty Land Ahoy
2%
Hot Zone Magnetic Field
2%
Boss Fight Metal Scrap
2%
Siege Nuts & Bolts
2%
Bounty Purple Paradise
2%
Bounty Quick Skip
2%
Knockout Snake Out
2%
Gem Grab Snake Shop
2%
Hot Zone Triumvirate
2%
Heist Turnaround
2%
Robo Rumble Vault Defenders
2%
Knockout Zip Zap
2%
Brawl Ball Bank Shot
0%
Brawl Ball Boxing Day
0%
Heist Central Traffic
0%
Boss Fight Danger Zone
0%
Gem Grab Deathcap Trap
0%
Gem Grab Deep Diner
0%
Knockout Double Bluff
0%
Knockout Ends Meet
0%
Siege Factory Rush
0%
Brawl Ball Fied Goal
0%
Gem Grab Flooded Dam
0%
Big Game Hunting Party
0%
Robo Rumble Keep Safe
0%
Big Game Lit Match
0%
Boss Fight Machine Zone
0%
Hot Zone Massive Attack
0%
Knockout Middle Ground
0%
Siege Olive Branch
0%
Bounty Open Plaza
0%
Big Game Open Season
0%
Gem Grab Red Herring
0%
Siege Robo Hoghway
0%
Heist Snaked Assault
0%
Knockout Split Difference
0%
Big Game Table Flip
0%
No matching quizzes found
Score Distribution
Percent of People with Each Score
Percentile by Number Answered
Your Score History
You have not taken this quiz